Nákupné správanie obchodných organizácií a jeho výskum v maloobchode
Všeobecné poznatky marketingovej teórie o nákupnom správaní organizácií. Osobitosti nákupného rozhodovania sprostredkovateľov. Niektoré poznatky o nákupnom správaní maloobchodníkov, získané na základe terénneho prieskumu (nákup kávy).
Uložené v:
| Hlavný autor: | |
|---|---|
| Médium: | Kapitola |
| Jazyk: | Slovak |
| Predmet: | |
| Tagy: |
Žiadne tagy, Buďte prvý, kto otaguje tento záznam!
|
MARC
| LEADER | 00000naa a2200000 4500 | ||
|---|---|---|---|
| 001 | r030713 | ||
| 005 | 20240502071329.8 | ||
| 041 | 0 | |a slo | |
| 044 | |a SK | ||
| 245 | 1 | 0 | |a Nákupné správanie obchodných organizácií a jeho výskum v maloobchode |c Kornélia Richterová |
| 520 | |a Všeobecné poznatky marketingovej teórie o nákupnom správaní organizácií. Osobitosti nákupného rozhodovania sprostredkovateľov. Niektoré poznatky o nákupnom správaní maloobchodníkov, získané na základe terénneho prieskumu (nákup kávy). | ||
| 610 | 2 | 0 | |a nákup |
| 610 | 2 | 0 | |a organizácie obchodné |
| 610 | 2 | 0 | |a maloobchod |
| 610 | 2 | 0 | |a správanie |
| 610 | 2 | 0 | |a rozhodovanie |
| 610 | 2 | 0 | |a sprostredkovatelia |
| 610 | 2 | 0 | |a prieskum trhu |
| 610 | 2 | 0 | |a káva |
| 610 | 2 | 0 | |a Slovensko |
| 100 | 1 | |a Richterová, Kornélia | |